| 000 | 00598nam a22001697a 4500 | ||
|---|---|---|---|
| 005 | 20260310153624.0 | ||
| 008 | 260309b |||||||| |||| 00| 0 eng d | ||
| 020 | _a978-81-944137-4-5 | ||
| 041 | _aeng | ||
| 082 | _a634 ARY-P | ||
| 100 |
_aARYA, ANKUR M. AND KUMAR, TARUN , CHANDRA, SURESH _98884 |
||
| 245 | _aPRACTICAL MANUAL ON POST HARVEST MANAGEMENT AND VALUE ADDITION OF FRUITS AND VEGETABLES : (As per 5th dean committee recommendation report of ICAR) B,SC. HONS (AGRICULTURE) Course ) | ||
| 260 |
_aNEW DELHI _bJAIN BROTHERS |
||
| 300 | _a51;P | ||
| 650 | _aAGRICULTURE | ||
| 942 | _cBK | ||
| 999 |
_c9059 _d9057 |
||